000 00560nam a2200205 4500
005 20240829112405.0
008 240829b |||||||| |||| 00| 0 eng d
020 _a9788194600008
_cRs. 495.00
040 _aMAIN
082 _aB.08
_bT188R
100 _aTater, Sohan Raj
245 _aRevolutionary women of India
260 _aJaipur
_bNirmala Publication
_c2020
300 _avii, 192
650 _aWomen Revolutinaries- India
650 _aIndian History- Revolutionary Period
650 _aBiographies of India Women
942 _cBK
999 _c356610
_d356610